000 00690nam a2200193Ia 4500
003 GCL
008 140319s9999 xx 000 0 ara d
040 _aGCL /
_cGCL
082 0 4 _a822
_bب ز
100 1 _aعبدالله عبدالحافظ متولى
245 1 0 _aزوجة مسترتانكرى الثانية /
_cعبدالله عبدالحافظ متولى
700 1 _aمصطفى حبيب
700 1 _aبينيرو، ارثر ونج
490 _aروائع المسرح العالمى
_v0
650 0 4 _aالادب الانجليزى
650 0 4 _aالمسرحيات الانجليزية
650 0 4 _aالمسرحيات الانجليزية المترجمة
942 _2ddc
_cBK
999 _c42159
_d42159